[Event "FIDE Disabilities Olym"]
[Site "Belgrade"]
[Date "2023.02.03"]
[Round "?"]
[White "Banda, Aaron"]
[Black "Jimenez, Moron Elias"]
[Result "1-0"]
[WhiteElo "1901"]
[BlackElo "1967"]
[PlyCount "99"]
[EventDate "2023.01.30"]
[EventType "team-swiss"]
[EventRounds "6"]
[EventCountry "SRB"]
[SourceTitle "CBM 212 Extra"]
[Source "ChessBase"]
[SourceDate "2023.03.31"]
[SourceVersion "1"]
[SourceVersionDate "2023.03.31"]
[SourceQuality "1"]
[WhiteTeam "Zambia"]
[BlackTeam "Panama"]
[WhiteTeamCountry "ZAM"]
[BlackTeamCountry "PAN"]

1. d4 d5 2. Nf3 Nf6 3. e3 e6 4. Bd3 Nbd7 5. Nbd2 Be7 6. c4 c6 7. b3 0-0 8. 0-0 Bd6 9. Bb2 Re8 10. Ne5 Bf8 11. f4 g6 12. g4 Bg7 13. g5 Ne4 14. Nxe4 dxe4 15. Bxe4 f6 16. Nxd7 Bxd7 17. h4 Rc8 18. Rf2 f5 19. Bf3 b6 20. h5 Qe7 21. h6 Bh8 22. Qd2 Rcd8 23. Re1 Qf7 24. e4 c5 25. e5 cxd4 26. Bxd4 Bc8 27. Qe3 Bb7 28. Rd2 Re7 29. Red1 Qe8 30. Bc3 Rxd2 31. Rxd2 Kf7 32. Bb4 Rd7 33. Rxd7+ Qxd7 34. Bxb7 Qxb7 35. Qd3 Qc7 36. Qd6 Qxd6 37. Bxd6 Ke8 38. b4 Kd7 39. a4 a6 40. Bf8 Bxe5 41. fxe5 Kc6 42. b5+ axb5 43. axb5+ Kb7 44. Bd6 Ka7 45. Kf2 Kb7 46. Ke3 Ka7 47. Bb4 Kb7 48. Kd4 Kc7 49. Bd2 Kd7 50. c5 1-0

[Event "FIDE Disabilities Olym"]
[Site "Belgrade"]
[Date "2023.01.31"]
[Round "?"]
[White "Jimenez, Moron Elias"]
[Black "Alam, Khorshed"]
[Result "1-0"]
[WhiteElo "1967"]
[BlackElo "2065"]
[PlyCount "83"]
[EventDate "2023.01.30"]
[EventType "team-swiss"]
[EventRounds "6"]
[EventCountry "SRB"]
[SourceTitle "CBM 212 Extra"]
[Source "ChessBase"]
[SourceDate "2023.03.31"]
[SourceVersion "1"]
[SourceVersionDate "2023.03.31"]
[SourceQuality "1"]
[WhiteTeam "Panama"]
[BlackTeam "Bangladesh"]
[WhiteTeamCountry "PAN"]
[BlackTeamCountry "BAN"]

1. e4 d6 2. d4 Nf6 3. Bd3 g6 4. c3 Bg7 5. Ne2 c5 6. 0-0 Nc6 7. dxc5 dxc5 8. f3 0-0 9. Be3 Ne5 10. Bc2 Qc7 11. Bf4 Nh5 12. Bc1 Rd8 13. Qe1 Nd3 14. Bxd3 Rxd3 15. Na3 a6 16. Nc2 b5 17. g4 Nf6 18. Nf4 Rd8 19. Be3 e5 20. Ng2 Be6 21. Qf2 Rac8 22. a3 Bb3 23. Rac1 Nd7 24. Na1 Bc4 25. Rfd1 Bf8 26. b3 Be6 27. Rd2 Nb6 28. Rcd1 a5 29. h3 a4 30. Rxd8 Rxd8 31. Rxd8 Qxd8 32. Kh2 axb3 33. Nxb3 Bxb3 34. Bxc5 Nc4 35. Bb4 Bxb4 36. axb4 Qd2 37. Qc5 Qxc3 38. Kg3 Bd1 39. Nh4 g5 40. Qc8+ Kg7 41. Nf5+ Kg6 42. Qc6+ 1-0